000 00371nam a2200157Ia 4500
005 20250508160248.0
008 008 250505s9999 xx 000 0 eng d
037 _aPeriodicals
040 _aFEDL
_beng
_cFEDL
041 _aeng
_2eng
084 _qFEDL
245 0 _aNEW Research bulletin Vol. 43
490 _vVol. 43
942 _cCR
999 _c1363188
_d1363188